000 00331nam a2200109 4500
008 b xx# fre u
040 _aLB-BrCRDP
082 1 _a371.4
_bGRO
245 1 2 _aL'éducation à l'orientation au collège
_cCoordonnée par francine Grosbras
942 _cBK
999 _c9434
_d9434